Feedback Control System Analysis and Synthesis (Record no. 8878)
[ view plain ]
| 000 -LEADER | |
|---|---|
| fixed length control field | 00304 a2200121 4500 |
| 082 ## - DEWEY DECIMAL CLASSIFICATION NUMBER | |
| Classification number | 629.8 |
| 090 ## - LOCALLY ASSIGNED LC-TYPE CALL NUMBER (OCLC); LOCAL CALL NUMBER (RLIN) | |
| -- | 5001 |
| -- | 5001 |
| 100 ## - MAIN ENTRY--PERSONAL NAME | |
| Personal name | D'Azzo, John J. |
| 245 ## - TITLE STATEMENT | |
| Title | Feedback Control System Analysis and Synthesis |
| Statement of responsibility, etc. | John J. D'Azzo |
| 250 ## - EDITION STATEMENT | |
| Edition statement | 2nd |
| 260 ## - PUBLICATION, DISTRIBUTION, ETC. | |
| Place of publication, distribution, etc. | Tokyo |
| Name of publisher, distributor, etc. | McGraw-Hill |
| Date of publication, distribution, etc. | 1966 |
| 942 ## - ADDED ENTRY ELEMENTS (KOHA) | |
| Koha item type | Book |
| Call number prefix | 629.8 DAZ |
| Withdrawn status | Lost status | Damaged status | Not for loan | Collection code | Permanent Location | Current Location | Shelving location | Date acquired | Total Checkouts | Total Renewals | Full call number | Barcode | Date last seen | Date last checked out | Price effective from | Koha item type |
|---|---|---|---|---|---|---|---|---|---|---|---|---|---|---|---|---|
| Central Library (CL) | Central Library (CL) | General Stacks | 06/03/2014 | 2 | 1 | 629.8 DAZ | SEECSD00120 | 11/24/2015 | 10/15/2015 | 01/05/2017 | Book |
